| 000 | 00849nam a22002657a 4500 | ||
|---|---|---|---|
| 005 | 20170123162318.0 | ||
| 010 | _a543749 | ||
| 020 | _c8.00 | ||
| 035 | _a543749 | ||
| 037 | _bCen Lib/Ret | ||
| 040 |
_aDPL _bUR |
||
| 082 |
_a841.08 _bغ ا ل |
||
| 245 |
_aمرزا غالب / _b مرتب آمریت یعل عشرت |
||
| 246 |
_aMirza ghalib / _bedited by Amrat Yaal Ishrat |
||
| 260 |
_aیو پی _bپرشوتم سنگھ سیٹھی _c1969 |
||
| 270 | _bیو پی | ||
| 300 |
_a220p. _c21cm(Hb) |
||
| 490 | _aغالب سلسلہ جشن کمیٹی | ||
| 650 |
_aاردو ادب _9115603 |
||
| 650 |
_aاردو سوانح عمری _9115604 |
||
| 650 |
_aUrdu literature _9115605 |
||
| 650 |
_aUrdu biography _9511 |
||
| 700 |
_aآمریت یعل عشرت _9115606 |
||
| 942 |
_2ddc _cUR _h841.08 _mغ ا ل |
||
| 999 |
_c106851 _d106851 |
||